Política entre España y América (Record no. 37505)
[ view plain ]
| 000 -LEADER | |
|---|---|
| campo de control de longitud fija | 01038nam a2200241 i 4500 |
| 001 - NÚMERO DE CONTROL | |
| campo de control | 37505 |
| 003 - IDENTIFICADOR DE NÚMERO DE CONTROL | |
| campo de control | ES-MaACL |
| 005 - FECHA Y HORA DE LA ÚLTIMA TRANSACCIÓN | |
| campo de control | 20230906155604.0 |
| 007 - CAMPO FIJO DE DESCRIPCIÓN FÍSICA--INFORMACIÓN GENERAL | |
| campo de control de longitud fija | t| |
| 008 - DATOS DE LONGITUD FIJA--INFORMACIÓN GENERAL | |
| campo de control de longitud fija | 030312s1921 sp ||||1| spa d |
| 080 ## - NÚMERO DE LA CLASIFICACIÓN DECIMAL UNIVERSAL | |
| Número de la Clasificación Decimal Universal | 061.21(460.27) Ateneo |
| 080 ## - NÚMERO DE LA CLASIFICACIÓN DECIMAL UNIVERSAL | |
| Número de la Clasificación Decimal Universal | 327(460:8=134.2) |
| 080 ## - NÚMERO DE LA CLASIFICACIÓN DECIMAL UNIVERSAL | |
| Número de la Clasificación Decimal Universal | 327(8=134.2:460) |
| 100 1# - ENTRADA PRINCIPAL--NOMBRE DE PERSONA | |
| Nombre de persona | Cola, Julio. |
| 9 (RLIN) | 161555 |
| 245 10 - MENCIÓN DEL TÍTULO | |
| Título | Política entre España y América |
| Resto del título | : [memoria] / |
| Mención de responsabilidad, etc. | Julio Cola, secretario 1º de la Sección de Ciencias Históricas del Ateneo de Madrid. |
| 260 ## - PUBLICACIÓN, DISTRIBUCIÓN, ETC. | |
| Lugar de publicación, distribución, etc. | Madrid : |
| Nombre del editor, distribuidor, etc. | Ambos Mundos, |
| Fecha de publicación, distribución, etc. | 1921. |
| 300 ## - DESCRIPCIÓN FÍSICA | |
| Extensión | 86 p. ; |
| Dimensiones | 18 cm. |
| 500 ## - NOTA GENERAL | |
| Nota general | "Tema sometido a examen de la Junta general extraordinaria que se celebró el día 18 de marzo, y que fue aprobado por unanimidad. Memoria leída en la sesión verificada en día 7 de abril de 1921" |
| 610 2# - PUNTO DE ACCESO ADICIONAL DE MATERIA--NOMBRE DE ENTIDAD CORPORATIVA | |
| Nombre de entidad corporativa o nombre de jurisdicción como elemento de entrada | Ateneo de Madrid. |
| Unidad subordinada | Sección de Ciencias Históricas- |
| Subdivisión de forma | Memorias. |
| 9 (RLIN) | 1982 |
| 651 #4 - PUNTO DE ACCESO ADICIONAL DE MATERIA--NOMBRE GEOGRÁFICO | |
| Nombre geográfico | España- |
| Subdivisión general | Relaciones- |
| Subdivisión geográfica | América española. |
| 9 (RLIN) | 8453 |
| 651 #4 - PUNTO DE ACCESO ADICIONAL DE MATERIA--NOMBRE GEOGRÁFICO | |
| Nombre geográfico | América española- |
| Subdivisión general | Relaciones- |
| Subdivisión geográfica | España. |
| 9 (RLIN) | 7736 |
| 852 ## - LOCALIZACIÓN | |
| Ubicación | ES-MaACL |
| Número de control de estantería | 1610-F-2 |
| Estatus retirado | Estado de pérdida | Estado de daño | No para préstamo | Colección | Biblioteca de origen | Biblioteca actual | Ubicación en estantería | Fecha de adquisición | Fuente de adquisición | Total de préstamos | Signatura topográfica completa | Código de barras | Visto por última vez | Precio de reemplazo | Tipo de ítem Koha |
|---|---|---|---|---|---|---|---|---|---|---|---|---|---|---|---|
| Colección de folletos | Biblioteca del Ateneo de Madrid | Biblioteca del Ateneo de Madrid | Depósito folletos | 17/01/2008 | 1610-F-2 | 1039472 | 23/02/2023 | 23/02/2023 | Folleto |
